000 00668nam a22002177a 4500
003 UA-OsUOA
001 39451
007 ta
008 20060619b un ||||| |||| 00| 0 ukr d
100 _aУманець Т.В.
090 _a330(477)
_bУ11
942 _cSA
040 _aUA-OsUOA
_bukr
_cUA-OsUOA
_dUA-OsUOA
245 _aМетодологічні аспекти управління економічним розвитком регіону
300 _aС.22-35
955 _a0
041 _aukr
080 _a330(477)
773 0 _w39450
_tРегіональна економіка
_dЛьвів
_d2006
_g1
650 7 _a330 Економіка взагалі
_2UDC
999 _c325595
_d325595